00432nam a2200169Ia 4500003000400000005001700004008004100021020001500062040000700077041000800084082001700092100002000109245007000129260003600199300001400235365001300249OSt20230329150220.0210423s2008 xx 000 0 und d a8178242303 cAL aeng a809.935 DATP aDATTA (P K),Ed. aRabindranath Tagors the home and the world: a critical companion. aNew DelhibOrient Longmanc2008 ax,204bPB b250cINR